00276nam a2200121Ia 4500008004100000041000800041100002700049245002500076250000800101260002300109300000800132650001400140240614s9999 xx 000 0 und d aeng aDhumal, K. N. & Others aEnvironment Studies  a3rd bNiralic2022aPune aR.2 aGeography